书目信息 |
| 题名: |
云计算数据中心运维管理
|
|
| 作者: | 黄华 , 叶海 主编 | |
| 分册: | ||
| 出版信息: | 北京 清华大学出版社 2021.05 |
|
| 页数: | X, 215页 | |
| 开本: | 26cm | |
| 丛书名: | 大数据系列丛书 | |
| 单 册: | ||
| 中图分类: | TP393.027 , TP274 | |
| 科图分类: | ||
| 主题词: | 云计算--yun ji suan--数据处理 | |
| 电子资源: | ||
| ISBN: | 978-7-302-57834-5 | |
| 000 | 01072nam 2200289 450 | |
| 001 | CAL 0120217173709 | |
| 005 | 20210524092403.9 | |
| 010 | @a978-7-302-57834-5@dCNY48.00 | |
| 100 | @a20210524d2021 em y0chiy0120 ea | |
| 101 | 0 | @achi |
| 102 | @aCN@b110000 | |
| 105 | @aa a 000yy | |
| 106 | @ar | |
| 200 | 1 | @a云计算数据中心运维管理@Ayun ji suan shu ju zhong xin yun wei guan li@f黄华, 叶海主编 |
| 210 | @a北京@c清华大学出版社@d2021.05 | |
| 215 | @aX, 215页@c图@d26cm | |
| 225 | 2 | @a大数据系列丛书@Ada shu ju xi lie cong shu |
| 320 | @a有书目 | |
| 330 | @a本书系统介绍国内外信息技术服务管理标准、云数据中心运维管理规范、云数据中心运维服务管理, 详细介绍云数据中心软硬件资源作管理和云数据中心自动化运维监控软件, 具有较强的系统性、全面性和实性, 对读者提出相应的实要求和指导。 | |
| 410 | 0 | @12001 @a大数据系列丛书 |
| 606 | 0 | @a云计算@Ayun ji suan@x数据处理 |
| 690 | @aTP393.027@v5 | |
| 690 | @aTP274@v5 | |
| 701 | 0 | @a黄华@Ahuang hua@4主编 |
| 701 | 0 | @a叶海@Aye hai@4主编 |
| 801 | 0 | @aCN@b人天书店@c20210524 |
| 905 | @aTSG@b0001037@dTP393.027@eH830@f2 | |
| 云计算数据中心运维管理/黄华, 叶海主编.-北京:清华大学出版社,2021.05 |
| X, 215页:图;26cm.-(大数据系列丛书) |
| ISBN 978-7-302-57834-5:CNY48.00 |
| 本书系统介绍国内外信息技术服务管理标准、云数据中心运维管理规范、云数据中心运维服务管理, 详细介绍云数据中心软硬件资源作管理和云数据中心自动化运维监控软件, 具有较强的系统性、全面性和实性, 对读者提出相应的实要求和指导。 |
| ● |
| 相关链接 |
|
|
|
正题名:云计算数据中心运维管理
索取号:TP393.027/H830
 
预约/预借
| 序号 | 登录号 | 条形码 | 馆藏地/架位号 | 状态 | 备注 |
| 1 | 1536117 | 215361178 | 自科库301/301自科库 120排1列5层/ [索取号:TP393.027/H830] | 在馆 | |
| 2 | 1536118 | 215361187 | 自科库301/301自科库 120排1列5层/ [索取号:TP393.027/H830] | 在馆 |